| 000 | 00555nam a2200193Ia 4500 | ||
|---|---|---|---|
| 008 | 220204s9999 xx 000 0 und d | ||
| 082 |
_a577.2:581.174 _bBOG |
||
| 245 | 0 | _aMolecular biology of plastids | |
| 260 |
_aNew York _bAcademic _c1991 |
||
| 490 | _aCell culture and somatic cell genetics of plants V 7A | ||
| 650 | _aPlant cell culture | ||
| 650 | _aPlant cytogenetics | ||
| 650 | _aPlant molecular biology | ||
| 650 | _aPlastids | ||
| 650 | _aRibosomal proteins | ||
| 700 | _aBogorad, Lawrence | ||
| 700 | _aVasil, Indra K | ||
| 942 | _cBK | ||
| 999 |
_c40248 _d40248 |
||